Формы миграции химических элементов в водах северной части Колывань-Томской складчатой зоны; Известия Томского политехнического университета [Известия ТПУ]; Т. 322, № 1 : Науки о Земле

Bibliografiske detaljer
Parent link:Известия Томского политехнического университета [Известия ТПУ]/ Томский политехнический университет (ТПУ).— , 2000-
Т. 322, № 1 : Науки о Земле.— 2013.— [С. 136-141]
Hovedforfatter: Колубаева Ю. В. Юлия Викторовна
Summary:Заглавие с титульного листа
Электронная версия печатной публикации
Изучены неорганические формы миграции химических элементов природных вод северной части Колывань-Томской складчатой зоны (Томский район Томской области) с использованием программного комплекса HydroGeo. Показано, что химические элементы, играющие основную роль в солевом составе вод, мигрируют преимущественно в ионной форме или нейтральных недиссоциирующих молекул, микроэлементы, наряду с ионной формой миграции, образуют значительное количество комплексов различной прочности.
Sprog:russisk
Udgivet: 2013
Serier:Гидрогеология
Fag:
Online adgang:http://earchive.tpu.ru/bitstream/11683/4641/1/bulletin_tpu-2013-322-1-23.pdf
Format: MixedMaterials Electronisk Book Chapter
KOHA link:https://koha.lib.tpu.ru/cgi-bin/koha/opac-detail.pl?biblionumber=233916

MARC

LEADER 00000nla2a2200000 4500
001 233916
005 20231031203648.0
035 |a (RuTPU)RU\TPU\book\255000 
035 |a RU\TPU\book\254998 
090 |a 233916 
100 |a 20130314d2013 k y0rusy50 ca 
101 0 |a rus 
102 |a RU 
135 |a drnn ---uucaa 
181 0 |a i  
182 0 |a b 
200 1 |a Формы миграции химических элементов в водах северной части Колывань-Томской складчатой зоны  |b Электронный ресурс  |f Ю. В. Колубаева 
203 |a Текст  |c электронный 
215 |a 1 файл (1.1 Мб) 
225 1 |a Гидрогеология 
230 |a Электронные текстовые данные (1 файл : 1.1 Мб) 
300 |a Заглавие с титульного листа 
300 |a Электронная версия печатной публикации 
320 |a [Библиогр.: с. 141 (10 назв.)] 
330 |a Изучены неорганические формы миграции химических элементов природных вод северной части Колывань-Томской складчатой зоны (Томский район Томской области) с использованием программного комплекса HydroGeo. Показано, что химические элементы, играющие основную роль в солевом составе вод, мигрируют преимущественно в ионной форме или нейтральных недиссоциирующих молекул, микроэлементы, наряду с ионной формой миграции, образуют значительное количество комплексов различной прочности. 
337 |a Adobe Reader 
461 1 |0 (RuTPU)RU\TPU\book\176237  |t Известия Томского политехнического университета [Известия ТПУ]  |f Томский политехнический университет (ТПУ)  |d 2000- 
463 1 |0 (RuTPU)RU\TPU\book\254945  |x 1684-8519  |t Т. 322, № 1 : Науки о Земле  |v [С. 136-141]  |d 2013  |p 175 с. 
610 1 |a Колывань-Томская складчатая зона 
610 1 |a подземные воды 
610 1 |a миграция 
610 1 |a химические элементы 
610 1 |a труды учёных ТПУ 
610 1 |a электронный ресурс 
610 1 |a формы 
700 1 |a Колубаева  |b Ю. В.  |c гидрогеолог  |c инженер Томского политехнического университета, аспирант  |f 1981-  |g Юлия Викторовна  |2 stltpush  |3 (RuTPU)RU\TPU\pers\30513 
801 1 |a RU  |b 63413507  |c 20090623  |g PSBO 
801 2 |a RU  |b 63413507  |c 20220126  |g PSBO 
856 4 |u http://earchive.tpu.ru/bitstream/11683/4641/1/bulletin_tpu-2013-322-1-23.pdf 
942 |c CF